000 00502nam a22001937a 4500
003 UA-OsUOA
001 44251
007 ta
008 20100802b un ||||| |||| 00| 0 ukr d
090 _a821.161.2.
942 _cBKA
040 _aUA-OsUOA
_beng
_cUA-OsUOA
_dUA-OsUOA
245 _aIvan Franko Selected Poems
_bLiterary and Political Activity
955 _a3
041 _aeng
080 _a821.161.2.
650 7 _a82 Література. Літературознавство
_2UDC
999 _c424204
_d424204